Journal of Integral Equations

Detalles Bibliográficos
Formato: Electrónico Revista
Idioma:English
Publicado: Rocky Mountain Mathematics Consortium
Subjects:
Acceso en liña:Full text available on JSTOR[1979-05-01 - 1985-12-30]
Off-campus access
LEADER 01001cas a2200217 a 4500
001 AALejournalJSTOR001065
008 230228c9999 xx r poo 0 0eng d
022 |a 0163-5549 
022 |a 2576-6317 
040 |a BD-DhAAL  |c BD-DhAAL 
245 0 0 |h [electronic resource]  |a Journal of Integral Equations 
260 |b Rocky Mountain Mathematics Consortium 
300 |a 1 online resource 
362 0 |a Vol. 1,  |a no. 1 
500 |a <strong>Off-Campus Access:</strong> Athens ID and Password Required 
500 |a <strong>On-Campus Access:</strong> No User ID or Password Required 
506 |a Electronic access restricted to authorized BRAC University faculty, staff and students 
538 |a Mode of access: Internet 
650 4 |a Mathematics ; Science & Mathematics 
856 4 0 |z Full text available on JSTOR[1979-05-01 - 1985-12-30]  |u https://www.jstor.org/journal/jinteequa 
856 4 0 |z Off-campus access  |u https://go.openathens.net/redirector/bracu.ac.bd?url=https%3A%2F%2Fwww.jstor.org%2Fjournal%2Fjinteequa